000 00653nam a22002057a 4500
003 koha_MIRAKIL
005 20231213095939.0
008 231213b |||||||| |||| 00| 0 ||| d
020 _b978-6-05-563858-0
040 _aTR-IsEVY
_btur
_cTR-IsEVY
082 _a956.1024092 GÜL/A
100 _aGüler, Ali.
245 0 _aAtatürk'ü ve Cumhuriyeti anlamak
_b(makaleler-incelemeler)
250 _a2. bs.
260 _bTruva Yayınları,
_c2010
300 _a344 s.
650 _aAtatürk, Mustafa Kemal, 1881-1938 -- Political and social views.
650 _aAtatürk, Mustafa Kemal, 1881-1938 -- Siyasi ve sosyal görüşler.
942 _2ddc
_cBK
999 _c12041
_d12041